000 00899nam a22002535i 4500
001 168526
003 ES-MaACL
005 20250721062644.0
008 080417s1980 sp |||| | spa d
020 _a84-239-6214-8
080 _a33(04)
100 1 _aMcKenzie, Richard B.
_9137607
245 1 3 _aLa nueva frontera de la economía /
_cRichard B. McKenzie..., Gordon Tullock... ; [traducción del inglés por Antonio Menduiña].
260 _aMadrid :
_bEspasa Calpe,
_c1980.
300 _a386 p. ;
_c20 cm.
490 1 _aBiblioteca del Pensamiento Económico Moderno: Serie Mayor
504 _aBibliografía.
650 1 7 _aEconomía
_2embne
_912006
700 1 _aTullock, Gordon.
_9111670
700 1 _aMenduiña, Antonio.
_980273
830 0 _aBiblioteca del Pensamiento Económico Moderno: Serie Mayor
_9181706
852 _aES-MaACL
_jA-10024
_9R.101494
999 _c168526
_d168526